00976nam a22002537a 450000500170000000800410001702000180005802000150007604000130009108200220010410000290012624500610015525000120021626000580022830000290028665000590031565000330037465300200040765500240042765000630045194200220051499900170053695201690055320201128021057.0140626t2008 xxua fr 000 0 eng d a9781424002368 a1424002362 aEG-ScBUE04222a428.0071bAND1 936011aAnderson, Neil J.10aActive skills for reading :bbook 4 /cNeil J. Anderson. a2nd ed. aBoston, United States :bThomson,cc.2008e[(Ottawa)] a240 p. :bill. ;c25 cm. 092827aReading ComprehensionvProblems, exercises, etc. 0913995aReading comprehension bEEENGcJune2014 vreading book934232 0934aEnglish languagexStudy and teachingxForeign speakers 2ddck428.0071 AND c18318d18290 00102ddc40708ILBaMAINbMAINc2NDd2014-06-26ePurchaseg192.00h4033l1m1o428.0071 AND TRp000036013q2021-06-22r2018-10-21 00:00:00s2018-10-21v240.00yTR